000 00642nam a2200241Ia 4500
003 OSt
005 20220918174355.0
006 a|||||r|||| 00| 0
007 ta
008 220917b |||||||| |||| 00| 0 eng d
024 _a11,855
037 _cTextual
040 _aARTS
_cARTS
_beng
041 _2eng
_aeng
082 _aMV4xM23, L5
100 _aSarkesian Sam C
_950237
245 0 _aRevolutionary guerrilla warfare
260 _aChicago
_bPrecedent pub
_c1975
300 _axxv, 623p. illus
_ccm.
650 _aINDUSTRIAL ARTS
942 _hMV4xM23, L5
_cTEXL
_2CC
999 _c152939
_d152939